| 000 | 00684nam a22002172 4500 | ||
|---|---|---|---|
| 001 | 0000020338 | ||
| 005 | 20151217152212.0 | ||
| 008 | 110913s xx 000 0 eng d | ||
| 020 | _a0683095714 : | ||
| 040 |
_aKABU _cKABU |
||
| 245 | 1 | 0 |
_aNursing care planning guides for children / _cedited by Cindy Smith Greenberg. |
| 250 | _a1st ed. | ||
| 260 |
_aBaltimore : _bWilliams & Wilkins, _c1988. |
||
| 300 | _axvii, 332 p. | ||
| 650 | 0 |
_aPediatric intensive care. _@0000180525 |
|
| 650 | 0 |
_aNursing care plans. _@0000180526 |
|
| 700 | 1 |
_aGreenberg, Cindy Smith. _@0000180527 |
|
| 852 | 1 | _9p1200 KES | |
| 908 | _a110913 | ||
| 950 | _@1 | ||
| 999 |
_c9273 _d9273 |
||